Causa sobre el testamento ológrafo de D. Emilio Carranza (Record no. 54955)

MARC details
000 -LEADER
campo de control de longitud fija 01045nam a22002415i 4500
001 - NÚMERO DE CONTROL
campo de control 54955
003 - IDENTIFICADOR DE NÚMERO DE CONTROL
campo de control ES-MaACL
005 - FECHA Y HORA DE LA ÚLTIMA TRANSACCIÓN
campo de control 20230906163044.0
007 - CAMPO FIJO DE DESCRIPCIÓN FÍSICA--INFORMACIÓN GENERAL
campo de control de longitud fija t|
008 - DATOS DE LONGITUD FIJA--INFORMACIÓN GENERAL
campo de control de longitud fija 950717s1895 sp ||||1| spa d
040 ## - FUENTE DE CATALOGACIÓN
Centro catalogador/agencia de origen CAM
Lengua de catalogación spa
Centro/agencia transcriptor CAM
100 1# - ENTRADA PRINCIPAL--NOMBRE DE PERSONA
Nombre de persona Dato, Eduardo,
Fechas asociadas al nombre 1856-1921
9 (RLIN) 42789
245 10 - MENCIÓN DEL TÍTULO
Título Causa sobre el testamento ológrafo de D. Emilio Carranza
Resto del título : Informe pronunciado ante la Sala Segunda del Tribunal Supremo en los dias 27 y 28 de junio de 1895 en defensa de Don José Rodriguez Zapata /
Mención de responsabilidad, etc. por el letrado Don Eduardo Dato Iradier.
260 ## - PUBLICACIÓN, DISTRIBUCIÓN, ETC.
Lugar de publicación, distribución, etc. Madrid :
Nombre del editor, distribuidor, etc. [s.n.],
Fecha de publicación, distribución, etc. [1895?] (
Fabricante Romero, impresor)
300 ## - DESCRIPCIÓN FÍSICA
Extensión 83 p. ;
Dimensiones 22 cm.
530 ## - NOTA DISPONIBLE DE FORMULARIO FÍSICO ADICIONAL
Nota de formato físico adicional disponible Disponible en formato digital.
650 #4 - PUNTO DE ACCESO ADICIONAL DE MATERIA--TÉRMINO DE MATERIA
Término de materia o nombre geográfico como elemento de entrada Testamentos ológrafos-
Subdivisión geográfica España.
9 (RLIN) 157283
700 1# - ENTRADA AGREGADA--NOMBRE PERSONAL
Nombre de persona Carranza, Emilio.
9 (RLIN) 35502
700 1# - ENTRADA AGREGADA--NOMBRE PERSONAL
Nombre de persona Rodríguez Zapata, José.
9 (RLIN) 98878
852 ## - LOCALIZACIÓN
Ubicación ES-MaACL
Número de control de estantería T-892-F-4
Nota libre Donat. Sociedad de Acuarelistas de Madrid
856 ## - LOCALIZACIÓN Y ACCESO ELECTRÓNICOS
Identificador Uniforme de Recursos <a href="http://bdh-rd.bne.es/viewer.vm?id=0000152782&page=1 ">http://bdh-rd.bne.es/viewer.vm?id=0000152782&page=1 </a>
Nota pública Biblioteca Digital Hispánica
Holdings
Estatus retirado Estado de pérdida Estado de daño No para préstamo Colección Biblioteca de origen Biblioteca actual Ubicación en estantería Fecha de adquisición Fuente de adquisición Total de préstamos Signatura topográfica completa Código de barras Visto por última vez Precio de reemplazo Tipo de ítem Koha
        Colección de folletos Biblioteca del Ateneo de Madrid Biblioteca del Ateneo de Madrid Depósito folletos 17/01/2008     T-892-F-4 1057750 23/02/2023 23/02/2023 Folleto